Elasticita dopytu a elasticita ponuky a vplyv cenovej elasticity na funkciu celkových príjmov bakalárska práca

Salvato in:
Dettagli Bibliografici
Autore principale: Kalivodová, Andrea
Ente Autore: Fakulta hospodárskej informatiky EU. Katedra matematiky
Altri autori: Starečková, Anna
Natura: Libro
Lingua:slovacco
Pubblicazione: Bratislava 2012
Tags: Aggiungi Tag
Nessun Tag, puoi essere il primo ad aggiungerne!!

MARC

LEADER 00000nbm a2200000 4500
001 0156204
005 20161109111944.9
041 0 |a slo 
044 |a SK 
245 1 0 |a Elasticita dopytu a elasticita ponuky a vplyv cenovej elasticity na funkciu celkových príjmov  |b bakalárska práca  |c Andrea Kalivodová ; školiteľ: Anna Starečková 
264 1 |a Bratislava  |c 2012 
300 |a 38 s. 
100 1 |a Kalivodová, Andrea 
700 1 |a Starečková, Anna 
710 2 |a Fakulta hospodárskej informatiky EU. Katedra matematiky